| 000 | 00584nam a2200181 a 4500 | ||
|---|---|---|---|
| 001 | 483 | ||
| 003 | CDMR | ||
| 005 | 20131107170447.0 | ||
| 008 | 130130s1989||||||||||||||||||||||||||||d | ||
| 040 |
_aCDMR _bcat _cCDMR |
||
| 100 | 1 |
_aVega, Patricia _9342 |
|
| 245 | 1 | 0 |
_aColegio de Periodistas de Costa Rica _b: su historia _cPatricia Vega, Vilma Peña, Manuel Chacoón |
| 260 |
_aCosta Rica _c1989 _bColegio de Periodistas de Costa Rica |
||
| 300 | _a184 p. | ||
| 610 | 2 |
_94295 _aColegio de Periodistas de Costa Rica |
|
| 710 | 2 |
_94295 _aColegio de Periodistas de Costa Rica |
|
| 942 |
_cMON _2udc |
||
| 999 |
_c483 _d483 |
||